Essentials of Health Centre Management (Record no. 61117)

MARC details
000 -LEADER
fixed length control field 00436nam a2200181 4500
020 ## - INTERNATIONAL STANDARD BOOK NUMBER
International Standard Book Number 978-93-86896-19-3
040 ## - CATALOGING SOURCE
Transcribing agency Trident
082 ## - DEWEY DECIMAL CLASSIFICATION NUMBER
Classification number 610
Item number SAN
100 ## - MAIN ENTRY--PERSONAL NAME
Personal name Dr. G.K.Sandhu
9 (RLIN) 45386
245 ## - TITLE STATEMENT
Title Essentials of Health Centre Management
250 ## - EDITION STATEMENT
Edition statement 2nd Repit
260 ## - PUBLICATION, DISTRIBUTION, ETC.
Place of publication, distribution, etc. Jalandhar
Name of publisher, distributor, etc. Lotus Publishers
Date of publication, distribution, etc. 2023
300 ## - PHYSICAL DESCRIPTION
Extent X.192;
500 ## - GENERAL NOTE
General note 2
650 ## - SUBJECT ADDED ENTRY--TOPICAL TERM
Topical term or geographic name entry element Bio Medical
9 (RLIN) 42048
700 ## - ADDED ENTRY--PERSONAL NAME
Personal name No
9 (RLIN) 45387
942 ## - ADDED ENTRY ELEMENTS (KOHA)
Source of classification or shelving scheme Dewey Decimal Classification
Koha item type Books
Suppress in OPAC No
Holdings
Withdrawn status Lost status Source of classification or shelving scheme Damaged status Not for loan Home library Current library Shelving location Date acquired Total Checkouts Full call number Barcode Date last seen Price effective from Koha item type
    Dewey Decimal Classification     Central Library, Trident Academy of Technology Central Library, Trident Academy of Technology General Stacks 07/01/2024   610 SAN 61191 07/01/2024 07/01/2024 Books
    Dewey Decimal Classification     Central Library, Trident Academy of Technology Central Library, Trident Academy of Technology General Stacks 07/01/2024   610 SAN 61190 07/01/2024 07/01/2024 Books
Trident Academy of Technology © 2023.
All rights reserved.                                                                                                                                                                                                        Designed by Team of Central Library .

Powered by Koha